CPM=nezbytná podmínka úspěchu

Corporate performance management (CPM) - firemné stratégie, procesy, metodiky, metriky, plánovanie, dashboarding, scorecarding, reporting analýzy a BI technológie. CPM ako najefektívnejší nástroj pre riadenie výkonnosti. Súčasné prostredie retailového bankovníctva. CPM prístup k plánovaniu. CPM - nu...

Descripción completa

Guardado en:
Detalles Bibliográficos
Autor principal: Švirková, Jana
Formato: Capítulo de libro
Lenguaje:checo
Materias:
Etiquetas: Agregar Etiqueta
Sin Etiquetas, Sea el primero en etiquetar este registro!

MARC

LEADER 00000naa$a2200000$$$4500
001 0067726
005 20231010094626.6
041 0 |a cze 
044 |a CZ 
245 1 0 |a CPM=nezbytná podmínka úspěchu  |c Jana Švirková 
520 |a Corporate performance management (CPM) - firemné stratégie, procesy, metodiky, metriky, plánovanie, dashboarding, scorecarding, reporting analýzy a BI technológie. CPM ako najefektívnejší nástroj pre riadenie výkonnosti. Súčasné prostredie retailového bankovníctva. CPM prístup k plánovaniu. CPM - nutnosť pre banky. 
610 2 0 |a procesy podnikové 
610 2 0 |a plánovanie 
610 2 0 |a reporting 
610 2 0 |a banky 
610 2 0 |a výkonnosť 
610 2 0 |a riadenie 
100 1 |a Švirková, Jana